V detstve držal prsty čierno-bielym tučniakom, odteraz však musí uctievať kráľovské farby nad predstavou, že raz bude v Sieni slávy košického hokeja visieť dres Los Angeles s jeho menovkou, sa Vladimír Dravecký iba pousmial

Bibliographic Details
Main Author: Matia, Bohuš (Author)
Format: Article
Language:Slovak
PhysicalDescription:Obr.
ISSN:1336-5320
Subjects:
Online Access:www.korzar.sk

MARC

LEADER 00000nab a2200000 a 4500
001 vtls008996597
003 SK-MaSNL
005 20260303065747.0
008 070606 2007 xo r r 000 0 slo
038 |a KEVKJB 
040 |a KEVKJB  |b slo  |c KEVKJB  |e AACR2 
041 0 |a slo 
044 |a xo  |c SK 
080 |a 796.966  |2 2001 
080 |a 929 Dravecký, Vladimír  |2 2001 
100 1 |a Matia, Bohuš  |4 aut  |9 538114 
245 1 0 |a V detstve držal prsty čierno-bielym tučniakom, odteraz však musí uctievať kráľovské farby  |b nad predstavou, že raz bude v Sieni slávy košického hokeja visieť dres Los Angeles s jeho menovkou, sa Vladimír Dravecký iba pousmial  |c Bohuš Matia 
300 |b Obr. 
600 1 7 |a Dravecký, Vladimír,  |d 1985-  |2 kevkjb  |9 1066256 
650 0 7 |a ľadový hokej  |2 kevkjb  |9 3231 
651 7 |a Košice (Slovensko)  |2 kevkjb  |9 18694 
773 0 |t Košický večer  |g Roč. 18(39), č. 22 (1.6.2007), s. 23  |x 1336-5320 
852 |a KEVKJB  |b KIS3GCP 
856 4 1 |u www.korzar.sk 
958 |a BX 
999 |c 1752565  |d 1754495